| 000 | 00657nam a2200241Ia 4500 | ||
|---|---|---|---|
| 005 | 20260430150250.0 | ||
| 008 | 008 250103s9999 xx 000 0 eng d | ||
| 037 | _aTheses | ||
| 040 | _aCRL | ||
| 040 | _beng | ||
| 040 | _ceng | ||
| 041 | _2eng | ||
| 041 | _aeng | ||
| 084 | _qCRL | ||
| 100 |
_aAli Shakir Au.; Shekhar Shashank Gu. _91236977 |
||
| 245 | 0 | _aProcess based insight into the groundwater contamination and fluoride pollution in parts of Delhi | |
| 260 | _c2022 | ||
| 300 | _a181p. | ||
| 650 | _aGeology | ||
| 700 | _aUniversity of Delhi. Faculty of Science. Department of Geology | ||
| 942 | _cTH | ||
| 999 |
_c1849368 _d1849368 |
||